| 000 | 00512nam a22001577a 4500 | ||
|---|---|---|---|
| 003 | OSt | ||
| 005 | 20151117140015.0 | ||
| 008 | 151117b xxu||||| |||| 00| 0 eng d | ||
| 040 | _cRUA | ||
| 082 | _aFIS ហេង 1990 B144 Or.1 | ||
| 100 |
_93780 _aហេងសុជាតិ |
||
| 245 | _aគំរោងអួនគៀសំរាប់នេសាទត្រីនៅតំបន់ទន្លេមេគង្គ | ||
| 260 |
_aPhnom Penh _bRUA _c1990 |
||
| 300 |
_a99p. _bill. _c29cm. |
||
| 942 |
_2ddc _cFIS |
||
| 999 |
_c3517 _d3517 |
||